Statistics for F1 Winners: Lewis Hamilton

Click here to take the quiz!

General Stats

  • This quiz has been taken 423 times
    (277 since last reset)
  • The average score is 67 of 73

Answer Stats

Year Race % Correct
2008Monaco
97%
2018Brazil
96%
2008Australia
96%
2008Germany
96%
2007United States of America
96%
2007Canada
94%
2011Abu Dhabi
94%
2016Brazil
94%
2014Spain
93%
2012Italy
93%
2008Great Britain
93%
2010Belgium
92%
2008China
92%
2016Mexico
92%
2007Japan
92%
2018France
92%
2009Singapore
91%
2014Russia
91%
2018Singapore
91%
2007Hungary
91%
2014Bahrain
90%
2016Austria
89%
2018Azerbaijan
85%
2014Malaysia
81%
2010Turkey
73%
2018Abu Dhabi
49%

Score Distribution

Percentile by Number Answered

Percent of People with Each Score

Your Score History

You have not taken this quiz since the last reset